| LEADER | 01061nam a22003012a 4500 | ||
|---|---|---|---|
| 001 | 001638528 | ||
| 003 | CZ BrMZK | ||
| 005 | 20200311123749.0 | ||
| 007 | ta | ||
| 008 | 180717s1964 xr er|||||||||||cze d | ||
| 040 | |a BOA001 |b cze |e aacr2 | ||
| 043 | |a e-cs--- | ||
| 072 | 7 | |a 377 |x Odborné vzdělávání |2 Konspekt |9 22 | |
| 080 | |a 377.8 |2 MRF | ||
| 080 | |a 377 |2 MRF | ||
| 080 | |a (437) |2 MRF | ||
| 080 | |a (041) |2 MRF | ||
| 245 | 0 | 0 | |a Program exkurzní vzdělávací činnosti o prázdninách 1964 : |b odborový svaz zaměstnanců školství a kultury |
| 260 | |a [Praha : |b Ministerstvo školství, |c 1964] | ||
| 300 | |a 15 s. | ||
| 650 | 0 | 7 | |a vzdělávání učitelů |z Československo |7 ph158324 |2 czenas |
| 650 | 0 | 7 | |a profesní příprava |z Československo |7 ph134694 |2 czenas |
| 655 | 7 | |a brožury |7 fd131925 |2 czenas | |
| 772 | 0 | 8 | |i Samostatná příloha seriálu: |t Učitelské noviny, |g č. 15, 1964 |
| 910 | |a BOA001 |b X-0539.154 | ||
| 990 | |a BK | ||
| 991 | |b 201806 | ||
| 996 | 6 | |b 2618941933 |c X-0539.154 |l MZK |r Sklad / do 24 hodin |n 0 |w 001674583 |u 000010 |a 1 |e BOA001 |j MZK50 |s P | |
English
Čeština 